A BOOK OF PHARMACEUTICAL INORGANIC CHEMISTRY (SEM-I) (Record no. 5842)

MARC details
000 -LEADER
fixed length control field 00496nam a22001697a 4500
005 - DATE AND TIME OF LATEST TRANSACTION
control field 20240108130317.0
008 - FIXED-LENGTH DATA ELEMENTS--GENERAL INFORMATION
fixed length control field 190503b xxu||||| |||| 00| 0 eng d
020 ## - INTERNATIONAL STANDARD BOOK NUMBER
ISBN 978-93-5164-874-1
041 ## - LANGUAGE CODE
Language code of text/sound track or separate title eng
100 ## - MAIN ENTRY--AUTHOR NAME
Personal name JAIN, DR.KISHOR.S .,MIYAR,DR. PANKAJ B.,AND BHAWAR,PRATIBHA V.
245 ## - TITLE STATEMENT
Title A BOOK OF PHARMACEUTICAL INORGANIC CHEMISTRY (SEM-I)
250 ## - EDITION STATEMENT
Edition statement 4th ed. 2019
260 ## - PUBLICATION, DISTRIBUTION, ETC. (IMPRINT)
Place of publication PUNE
Name of publisher NIRALI PUBLICATION
300 ## - PHYSICAL DESCRIPTION
Number of Pages 10.10p,
650 ## - SUBJECT ADDED ENTRY--TOPICAL TERM
Topical Term PHARMACY
General subdivision BPHARMA
942 ## - ADDED ENTRY ELEMENTS (KOHA)
Koha item type Books
Holdings
Lost status Damaged status Collection code Home library Current library Shelving location Date acquired Source of acquisition Cost, normal purchase price Accession Number Koha item type
    PHARMACY JRU Library JRU Library SHELF-17-E 03/05/2019 PURCHESS 110.00 22707 Books
    PHARMACY JRU Library JRU Library SHELF-17-E 03/05/2019 PURCHESS 110.00 22708 Books
    Reference JRU Library JRU Library SHELF-5-A 03/05/2019 PURCHESS 110.00 22709 Books